Images satellites - Europe - Statistiques

Statistiques générales
  • Ce quiz a été pris 6 711 fois
  • Le résultat moyen est 10 sur 16
Statistiques - réponses
Par images Hint Réponse % Correct
pays Portugal
94%
édifice Colisée
90%
pays Danemark
86%
île Sicile
84%
ville Venise
82%
pays Pays-Bas
81%
péninsule Bretagne
78%
pays Croatie
76%
étendue d’eau Mer Adriatique
71%
île Crète
62%
étendue d’eau Golfe de {Gascogne}
59%
pays Estonie
50%
ville Amsterdam
45%
delta fluvial Danube
28%
ville Saint-Pétersbourg
20%
île Île de Wight
9%
Aucun quiz correspondant
Distribution des résultats
% des personnes avec chaque résultat
Percentile par nombre de réponses
Votre historique - résultats
Vous n’avez pas pris ce quiz